[Event "Montreal op U2100"]
[Site "Montreal CAN"]
[Date "2019.09.08"]
[Round "4.24"]
[White "Baran, Marius"]
[Black "Wang, Rachel"]
[Result "1/2-1/2"]
[WhiteElo "1815"]
[BlackElo "1646"]
[PlyCount "98"]
[EventDate "2019.09.06"]
[EventType "swiss"]
[EventRounds "5"]
[EventCountry "CAN"]

1. e4 c5 2. Nc3 Nc6 3. f4 d6 4. Nf3 g6 5. Bb5 Bg7 6. O-O e5 7. Bxc6+ bxc6 8. d3
exf4 9. Bxf4 Ne7 10. Qe1 O-O 11. Qh4 f6 12. Bh6 g5 13. Qh5 Qe8 14. Qxe8 Rxe8
15. Bxg7 Kxg7 16. Rf2 Bd7 17. Raf1 Rf8 18. Nd2 Be6 19. b3 Rad8 20. h3 Nc8 21.
Kh2 Nb6 22. Nd1 d5 23. Ne3 c4 24. Nf5+ Bxf5 25. Rxf5 dxe4 26. Nxe4 cxd3 27.
cxd3 Nd5 28. R5f3 Kg6 29. g3 f5 30. Nc5 Rde8 31. R1f2 Nc3 32. Rc2 Nd5 33. d4 f4
34. gxf4 Rxf4 35. Rxf4 Nxf4 36. Nd7 Re2+ 37. Rxe2 Nxe2 38. Ne5+ Kf5 39. Nxc6 a6
40. Nb4 Nxd4 41. Nxa6 g4 42. hxg4+ Kxg4 43. Nc5 Kf5 44. a4 Ke5 45. a5 Kd6 46.
a6 Nb5 47. Ne4+ Kc6 48. b4 Kb6 49. Nc5 Na7 1/2-1/2

[Event "Montreal op U2100"]
[Site "Montreal CAN"]
[Date "2019.09.08"]
[Round "4.25"]
[White "Mai, Deren"]
[Black "Demers, Alexis"]
[Result "1-0"]
[WhiteElo "1623"]
[BlackElo "1738"]
[PlyCount "51"]
[EventDate "2019.09.06"]
[EventType "swiss"]
[EventRounds "5"]
[EventCountry "CAN"]

1. e4 c5 2. Nc3 g6 3. d4 cxd4 4. Qxd4 Nf6 5. Be3 Bg7 6. Qd2 Ng4 7. Bd4 e5 8.
Bc5 Nc6 9. Nb5 Bf8 10. Nd6+ Bxd6 11. Bxd6 Qb6 12. c3 Ne7 13. f3 Nf2 14. Qxf2
Qxd6 15. Bc4 f5 16. exf5 Nxf5 17. Ne2 Qc6 18. Bb3 d5 19. O-O Be6 20. Ng3 Rf8
21. Rfe1 Qd6 22. Rad1 a5 23. Ne4 Qc6 24. Ng5 Bg8 25. Rxe5+ Ne7 26. Rde1 1-0

[Event "Montreal op U2100"]
[Site "Montreal CAN"]
[Date "2019.09.08"]
[Round "4.26"]
[White "Desmarais, Serge"]
[Black "Vignalou, Joseph"]
[Result "1/2-1/2"]
[WhiteElo "1606"]
[BlackElo "1734"]
[PlyCount "55"]
[EventDate "2019.09.06"]
[EventType "swiss"]
[EventRounds "5"]
[EventCountry "CAN"]

1. d4 Nf6 2. c4 e6 3. Nf3 d5 4. Nc3 Be7 5. e3 O-O 6. Qc2 Nbd7 7. Bd3 b6 8. cxd5
exd5 9. O-O c5 10. b3 Bb7 11. Bb2 Rc8 12. Ne5 cxd4 13. exd4 Ne4 14. Bxe4 dxe4
15. Qe2 Nxe5 16. dxe5 Qd3 17. Qxd3 exd3 18. Rad1 Rfd8 19. Rd2 Ba3 20. Bxa3 Rxc3
21. f3 Ba6 22. Bb2 Rc2 23. Rfd1 Rdc8 24. Kf2 Rxd2+ 25. Rxd2 Kf8 26. Ke3 Ke7 27.
a4 Ke6 28. Kd4 1/2-1/2

[Event "Montreal op U2100"]
[Site "Montreal CAN"]
[Date "2019.09.08"]
[Round "4.27"]
[White "Ning, Oswin"]
[Black "Bilodeau-Savaria, Sandy-Rose"]
[Result "1-0"]
[WhiteElo "1730"]
[BlackElo "1460"]
[PlyCount "139"]
[EventDate "2019.09.06"]
[EventType "swiss"]
[EventRounds "5"]
[EventCountry "CAN"]

1. e4 c5 2. Nf3 e6 3. d4 cxd4 4. Nxd4 Nc6 5. Nb5 d6 6. Bf4 e5 7. Be3 Nf6 8. Bg5
a6 9. Bxf6 gxf6 10. N5c3 Be6 11. Nd5 f5 12. exf5 Bxf5 13. c3 Rg8 14. Qf3 Rg5
15. h4 Bg4 16. Nf6+ Ke7 17. Nxg4 Rg8 18. Bc4 Rg7 19. Nh6 Kd7 20. Nxf7 Qe7 21.
Nd2 Rg6 22. O-O-O Kc7 23. Ng5 Bh6 24. Qf7 Qxf7 25. Bxf7 Bxg5 26. hxg5 Rg7 27.
Bd5 Rf8 28. Bxc6 bxc6 29. Ne4 Rd8 30. Nf6 Kb6 31. Rxh7 Rxg5 32. Rd7 Rxd7 33.
Nxd7+ Kc7 34. Nf6 Rxg2 35. Rf1 Rg6 36. Ne4 d5 37. Nc5 a5 38. Kd2 e4 39. Nb3 Kb6
40. Nd4 Rf6 41. f3 exf3 42. Rxf3 Rg6 43. Rf2 c5 44. Ne2 Rd6 45. Kc2 d4 46. cxd4
cxd4 47. Kd3 Kc5 48. Rf5+ Kb6 49. Nxd4 Ka6 50. Re5 Kb6 51. Re6 Rxe6 52. Nxe6
Kb5 53. Kc3 a4 54. Nd4+ Kc5 55. Ne6+ Kb5 56. b3 axb3 57. axb3 Ka5 58. Kc4 Kb6
59. Kb4 Kc6 60. Ka5 Kb7 61. Kb5 Ka7 62. Kc6 Ka6 63. Kc5 Kb7 64. b4 Ka7 65. Kb5
Kb7 66. Kc5 Ka7 67. b5 Kb7 68. b6 Kc8 69. Kc6 Kb8 70. b7 1-0

[Event "Montreal op U2100"]
[Site "Montreal CAN"]
[Date "2019.09.08"]
[Round "4.28"]
[White "Wang, Derek"]
[Black "Khan, Alexandre"]
[Result "0-1"]
[WhiteElo "1511"]
[BlackElo "1721"]
[PlyCount "120"]
[EventDate "2019.09.06"]
[EventType "swiss"]
[EventRounds "5"]
[EventCountry "CAN"]

1. Nf3 d5 2. c4 c6 3. d4 Nf6 4. Nc3 dxc4 5. a4 Bf5 6. e3 Nbd7 7. Bxc4 e6 8. O-O
a5 9. Bd2 Bb4 10. Qe2 h6 11. h3 O-O 12. Bd3 Bxd3 13. Qxd3 c5 14. Rac1 cxd4 15.
Nxd4 Rc8 16. Nb3 Qb6 17. Qb5 Rfd8 18. Rfd1 Qxb5 19. Nxb5 Nc5 20. Bxb4 Rxd1+ 21.
Rxd1 Nxb3 22. Rd3 Nc1 23. Rc3 Ne2+ 24. Kf1 Nxc3 25. Bxc3 Nd5 26. Nd6 Rc7 27.
Nb5 Rc4 28. Bxa5 Rxa4 29. Bc3 Nxc3 30. bxc3 Rc4 31. Nd6 Rc7 32. Nb5 Rc6 33. Ke2
Rc5 34. Nd6 b6 35. Ne4 Rc4 36. Kd3 Ra4 37. f4 Kf8 38. g4 Ke7 39. Ng3 b5 40. h4
g5 41. hxg5 hxg5 42. Ne4 gxf4 43. exf4 f5 44. gxf5 exf5 45. Ng3 Ke6 46. Ne2 Kd5
47. Ke3 Re4+ 48. Kd3 Rxe2 49. Kxe2 Ke4 50. Ke1 Kxf4 51. Kf2 Ke4 52. Ke2 f4 53.
Kf2 f3 54. Kf1 Ke3 55. Ke1 f2+ 56. Kf1 Kf3 57. c4 b4 58. c5 b3 59. c6 b2 60. c7
b1=R# 0-1

[Event "Montreal op U2100"]
[Site "Montreal CAN"]
[Date "2019.09.08"]
[Round "4.29"]
[White "Adam, Rafael"]
[Black "Bocan, Richard"]
[Result "1-0"]
[WhiteElo "1654"]
[BlackElo "1570"]
[PlyCount "95"]
[EventDate "2019.09.06"]
[EventType "swiss"]
[EventRounds "5"]
[EventCountry "CAN"]

1. d4 d5 2. c4 e6 3. Nf3 Nf6 4. Nc3 Be7 5. e3 O-O 6. Bd3 h6 7. O-O b6 8. b3 Bb7
9. cxd5 Nxd5 10. Bb2 Nxc3 11. Bxc3 Nd7 12. Bb2 Nf6 13. Rc1 c5 14. Bb1 Rc8 15.
Qe2 Bxf3 16. Qxf3 Qd5 17. Qxd5 Nxd5 18. dxc5 Bxc5 19. Be4 Rfd8 20. Bxd5 Rxd5
21. b4 Rd2 22. Bd4 Rxa2 23. bxc5 bxc5 24. Rxc5 Rxc5 25. Bxc5 Ra5 26. Bd4 e5 27.
Ra1 Rxa1+ 28. Bxa1 f6 29. Kf1 Kf7 30. Ke2 Ke6 31. e4 Kd6 32. Kd3 Kc5 33. Kc3 g6
34. Bb2 f5 35. f3 fxe4 36. fxe4 g5 37. g4 a5 38. Ba3+ Kb5 39. Bf8 a4 40. Bxh6
a3 41. Bxg5 a2 42. Kb2 a1=Q+ 43. Kxa1 Kc4 44. Bd8 Kd4 45. g5 Kxe4 46. g6 Kd4
47. g7 e4 48. g8=Q 1-0

[Event "Montreal op U2100"]
[Site "Montreal CAN"]
[Date "2019.09.08"]
[Round "4.30"]
[White "Leblanc-Legault, Mathieu"]
[Black "Laroche, Hugo"]
[Result "1-0"]
[WhiteElo "1839"]
[BlackElo "1678"]
[PlyCount "97"]
[EventDate "2019.09.06"]
[EventType "swiss"]
[EventRounds "5"]
[EventCountry "CAN"]

1. d4 Nf6 2. Nf3 e6 3. e3 d5 4. b3 Nbd7 5. Bd3 b6 6. O-O Bb7 7. Bb2 Bd6 8. Ne5
O-O 9. Qe2 c5 10. c4 Qc7 11. f4 cxd4 12. exd4 Ne4 13. Nc3 f5 14. Nb5 Bxe5 15.
Nxc7 Bxc7 16. cxd5 Bxd5 17. Rac1 Bd6 18. Bc4 Ndf6 19. Bxd5 Nxd5 20. g3 Rf6 21.
Rc6 Rg6 22. Bc1 h5 23. Qc2 Nb4 24. Qc4 Nxc6 25. Qxc6 Rd8 26. Rf3 h4 27. Kg2
hxg3 28. hxg3 Kh7 29. Rd3 Bb8 30. Qc4 Rd7 31. Qb4 Rc7 32. Qe1 Rc2+ 33. Kg1 Rh6
34. Bd2 Rg6 35. Qd1 Rxa2 36. d5 exd5 37. Qh5+ Rh6 38. Qxf5+ Kg8 39. Qxd5+ Kf8
40. Qxe4 Ra1+ 41. Be1 Bd6 42. Kg2 Ra2+ 43. Kf3 Bc5 44. Qf5+ Rf6 45. Qc8+ Kf7
46. Rd7+ Kg6 47. Kg4 Re2 48. Bc3 Rfe6 49. Rxg7+ 1-0

[Event "Montreal op U2100"]
[Site "Montreal CAN"]
[Date "2019.09.08"]
[Round "4.31"]
[White "Roy, Stephane"]
[Black "Rabutki, Dimitri"]
[Result "1-0"]
[WhiteElo "1707"]
[BlackElo "1611"]
[PlyCount "45"]
[EventDate "2019.09.06"]
[EventType "swiss"]
[EventRounds "5"]
[EventCountry "CAN"]

1. Nf3 d5 2. e3 Bf5 3. c4 e6 4. b3 Bb4 5. Bb2 f6 6. Nc3 Bg6 7. Nd4 Bxc3 8. Bxc3
e5 9. Ne6 Qd7 10. cxd5 Bf5 11. Qf3 Bxe6 12. dxe6 Qc6 13. Qg4 g6 14. Bd3 Ne7 15.
Be4 Qb5 16. Qf3 Nbc6 17. a4 Qa6 18. b4 Qc4 19. b5 Nb4 20. Bxb4 Qxb4 21. Bxb7
Rb8 22. Bc6+ Nxc6 23. Qxc6+ 1-0

[Event "Montreal op U2100"]
[Site "Montreal CAN"]
[Date "2019.09.08"]
[Round "4.32"]
[White "Alcantara, Maximo jr"]
[Black "Levasseur, Sylvain"]
[Result "1-0"]
[WhiteElo "1688"]
[BlackElo "1610"]
[PlyCount "123"]
[EventDate "2019.09.06"]
[EventType "swiss"]
[EventRounds "5"]
[EventCountry "CAN"]

1. Nf3 Nf6 2. d4 d5 3. g3 c6 4. Bg2 Bf5 5. c3 h6 6. O-O e6 7. Re1 Be7 8. Nbd2
Nbd7 9. Nb3 O-O 10. Nfd2 Re8 11. e4 dxe4 12. Nxe4 Nxe4 13. Bxe4 Bxe4 14. Rxe4
Nf6 15. Re1 Qc7 16. Bf4 Bd6 17. Be5 Bxe5 18. Rxe5 Nd7 19. Re3 Rad8 20. Qf3 Nb6
21. Nd2 c5 22. Nb3 c4 23. Nd2 Nd5 24. Ree1 Nf6 25. Qe2 b5 26. Nf3 Nd7 27. Rad1
a6 28. Qe3 Nf6 29. Re2 Nd5 30. Qe5 Qd7 31. a3 Ne7 32. Rde1 Qc6 33. Qe4 Qc7 34.
Ne5 Nd5 35. Qh4 Qe7 36. Qh3 Rd6 37. f4 Qf6 38. Rf1 Re7 39. f5 Qg5 40. fxe6
Rdxe6 41. Nxf7 Qg6 42. Ne5 Qg5 43. Qf5 Qxf5 44. Rxf5 Nf6 45. Ref2 Kh7 46. h3
Nd5 47. Rf7 Nf6 48. Rxe7 Rxe7 49. Re2 Nd7 50. Kf2 Nxe5 51. Rxe5 Rxe5 52. dxe5
Kg6 53. Ke3 Kf5 54. Kd4 Ke6 55. g4 g6 56. h4 h5 57. gxh5 gxh5 58. Ke4 a5 59.
Kf4 a4 60. Ke4 Ke7 61. Kd5 Kd7 62. e6+ 1-0

[Event "Montreal op U2100"]
[Site "Montreal CAN"]
[Date "2019.09.08"]
[Round "4.33"]
[White "Hernandez, Juan Felipe"]
[Black "Guillemette, Hugo"]
[Result "0-1"]
[WhiteElo "1759"]
[BlackElo "1633"]
[PlyCount "52"]
[EventDate "2019.09.06"]
[EventType "swiss"]
[EventRounds "5"]
[EventCountry "CAN"]

1. e4 e5 2. Nf3 Nc6 3. d4 exd4 4. Nxd4 Bc5 5. Nb3 Bb6 6. Qe2 a5 7. Be3 Bxe3 8.
Qxe3 Nge7 9. Nc3 O-O 10. Be2 d6 11. O-O f5 12. Bc4+ Kh8 13. Rad1 f4 14. Qd2 f3
15. Rfe1 Ne5 16. Bf1 fxg2 17. Bxg2 N7g6 18. Ne2 Qh4 19. f4 Ng4 20. h3 Qf2+ 21.
Kh1 Ne3 22. Ng1 Nxd1 23. Rxd1 Qxd2 24. Rxd2 Nxf4 25. Nd4 Bd7 26. Kh2 Rae8 0-1

[Event "Montreal op U2100"]
[Site "Montreal CAN"]
[Date "2019.09.08"]
[Round "4.34"]
[White "Wang, Isabelle"]
[Black "Duplessis, Claude"]
[Result "0-1"]
[WhiteElo "1673"]
[BlackElo "1556"]
[PlyCount "110"]
[EventDate "2019.09.06"]
[EventType "swiss"]
[EventRounds "5"]
[EventCountry "CAN"]

1. e4 e5 2. Nf3 Nc6 3. Nc3 Nf6 4. d4 exd4 5. Nxd4 Bb4 6. Nxc6 bxc6 7. Bd3 d5 8.
exd5 cxd5 9. O-O O-O 10. Bg5 c6 11. Qf3 Be7 12. h3 Re8 13. Rfe1 Be6 14. Ne2 h6
15. Bd2 c5 16. Nf4 Ne4 17. Rad1 Nxd2 18. Rxd2 Bf6 19. Nxe6 Rxe6 20. Rxe6 fxe6
21. Qg4 Qe8 22. Bg6 Qe7 23. c3 Rf8 24. Bc2 Bg5 25. Re2 Rf6 26. h4 Bf4 27. Qh3
Bd6 28. Qd3 Kf7 29. h5 c4 30. Qh7 Qf8 31. Ba4 Bc5 32. Qc2 Kg8 33. Bd7 Qf7 34.
Bc8 Qe8 35. Bb7 Qd7 36. Ba6 Qc6 37. b4 cxb3 38. Qd3 Qb6 39. axb3 Bxf2+ 40. Kh2
Qd6+ 41. Kh1 Rf4 42. g3 Rg4 43. Rxf2 Rxg3 44. Qd2 Qxa6 45. Kh2 Rg5 46. Qd1 Qd6+
47. Kh1 Qg3 48. Rh2 Qxc3 49. Rc2 Qh3+ 50. Rh2 Qf5 51. Rh4 Qf2 52. Rh2 Qg3 53.
Ra2 Qh4+ 54. Rh2 Qe4+ 55. Rg2 Qxg2# 0-1

[Event "Montreal op U2100"]
[Site "Montreal CAN"]
[Date "2019.09.08"]
[Round "5.15"]
[White "Mercure, Gilbert"]
[Black "Morin-Pare, Victor"]
[Result "0-1"]
[WhiteElo "1841"]
[BlackElo "1835"]
[PlyCount "62"]
[EventDate "2019.09.06"]
[EventType "swiss"]
[EventRounds "5"]
[EventCountry "CAN"]

1. e4 c6 2. d4 d5 3. f3 e6 4. Nc3 Nf6 5. e5 Nfd7 6. Be3 c5 7. f4 a6 8. Nf3 Nc6
9. Ne2 b5 10. Ng3 cxd4 11. Bxd4 Nxd4 12. Nxd4 Bc5 13. c3 Qb6 14. Qg4 Bxd4 15.
cxd4 Qxd4 16. Qxg7 Rf8 17. Ne2 Qe3 18. Qg3 Qe4 19. Qf3 Nc5 20. Qxe4 dxe4 21.
Ng3 Bb7 22. Be2 Nd3+ 23. Bxd3 exd3 24. Kf2 Rc8 25. Rac1 Ke7 26. Nh5 Rfd8 27.
Rxc8 Rxc8 28. Ke3 Rc2 29. Kxd3 Rxb2 30. Rc1 Kd8 31. Rc2 Be4+ 0-1

[Event "Montreal op U2100"]
[Site "Montreal CAN"]
[Date "2019.09.08"]
[Round "5.16"]
[White "Yan, Alex Jikai"]
[Black "Omichi, Haruaki"]
[Result "1/2-1/2"]
[WhiteElo "1773"]
[BlackElo "1737"]
[PlyCount "40"]
[EventDate "2019.09.06"]
[EventType "swiss"]
[EventRounds "5"]
[EventCountry "CAN"]

1. e4 c5 2. Nf3 Nc6 3. d4 cxd4 4. Nxd4 g6 5. c4 Bg7 6. Be3 Nf6 7. Nc3 d6 8. f3
O-O 9. Be2 Bd7 10. O-O Nxd4 11. Bxd4 a5 12. Nd5 Nxd5 13. cxd5 Rc8 14. Bxg7 Kxg7
15. Qd4+ Kg8 16. Rac1 Rc7 17. Qe3 b5 18. a3 Rxc1 19. Rxc1 Qb8 20. Kf2 Rc8
1/2-1/2

[Event "Montreal op U2100"]
[Site "Montreal CAN"]
[Date "2019.09.08"]
[Round "5.17"]
[White "Bilodeau-Savaria, Carl-William"]
[Black "Shah, Omar"]
[Result "1/2-1/2"]
[WhiteElo "1393"]
[BlackElo "1811"]
[PlyCount "66"]
[EventDate "2019.09.06"]
[EventType "swiss"]
[EventRounds "5"]
[EventCountry "CAN"]

1. d4 Nf6 2. c4 e6 3. Nf3 b6 4. Bf4 Bb7 5. e3 Be7 6. Nc3 Ne4 7. Bd3 Nxc3 8.
bxc3 d5 9. O-O Nd7 10. Re1 Nf6 11. Ne5 O-O 12. Qc2 c5 13. cxd5 exd5 14. dxc5
bxc5 15. Rab1 Bc8 16. Bb5 Bd6 17. Bc6 Qc7 18. Bxa8 Bxe5 19. Bxe5 Qxe5 20. e4
Ng4 21. g3 Qh5 22. f4 Ba6 23. Bxd5 Bd3 24. Qd2 Bxb1 25. Rxb1 Qg6 26. Rb7 Nf6
27. Qb2 Nxd5 28. exd5 Qd6 29. c4 h5 30. Rxa7 Re8 31. Qb7 Qf6 32. Ra8 Qd4+ 33.
Kg2 Qe4+ 1/2-1/2

[Event "Montreal op U2100"]
[Site "Montreal CAN"]
[Date "2019.09.08"]
[Round "5.18"]
[White "Gorunovich, Anna"]
[Black "Ning, Oswin"]
[Result "1/2-1/2"]
[WhiteElo "1909"]
[BlackElo "1730"]
[PlyCount "76"]
[EventDate "2019.09.06"]
[EventType "swiss"]
[EventRounds "5"]
[EventCountry "CAN"]

1. e4 e5 2. Nf3 Nc6 3. Bc4 Bc5 4. d3 d6 5. Ng5 Nh6 6. h3 Qe7 7. c3 f6 8. Nf3
Be6 9. Bxe6 Qxe6 10. O-O Bb6 11. Na3 Ng8 12. Nc4 Nge7 13. a4 a5 14. Nxb6 cxb6
15. Be3 g5 16. Bxb6 g4 17. hxg4 Qxg4 18. Nh2 Qg7 19. Qh5+ Ng6 20. Be3 O-O-O 21.
Bh6 Qe7 22. Qf5+ Kb8 23. Ng4 Nf4 24. Bxf4 exf4 25. Qxf4 h5 26. Qxf6 hxg4 27.
Qxe7 Nxe7 28. f4 gxf3 29. Rxf3 Ng6 30. d4 Rdf8 31. Raf1 Rxf3 32. gxf3 Nf4 33.
Rb1 Kc7 34. Kf2 Kd7 35. Ke3 Ng2+ 36. Kf2 Nf4 37. Kg3 Ne2+ 38. Kf2 Nf4 1/2-1/2

[Event "Montreal op U2100"]
[Site "Montreal CAN"]
[Date "2019.09.08"]
[Round "5.19"]
[White "Khan, Alexandre"]
[Black "Mangahas, Ronald"]
[Result "0-1"]
[WhiteElo "1721"]
[BlackElo "1882"]
[PlyCount "140"]
[EventDate "2019.09.06"]
[EventType "swiss"]
[EventRounds "5"]
[EventCountry "CAN"]

1. e4 c5 2. Nf3 d6 3. Bb5+ Bd7 4. Bxd7+ Nxd7 5. O-O Ngf6 6. Qe2 e6 7. c4 Be7 8.
Nc3 O-O 9. b3 a6 10. Bb2 Qc7 11. Rfe1 Rfd8 12. d4 Nf8 13. d5 e5 14. Nh4 g6 15.
Bc1 Qd7 16. g3 Rab8 17. f4 exf4 18. Bxf4 Ng4 19. Nf3 Bf6 20. e5 dxe5 21. Bg5
Re8 22. Ne4 Bxg5 23. Nfxg5 f5 24. Qxg4 fxg4 25. Nf6+ Kg7 26. Nxd7 Nxd7 27. Ne6+
Kg8 28. Re2 b5 29. Rf1 bxc4 30. bxc4 h5 31. Ref2 e4 32. Re1 Ne5 33. Rxe4 Nf3+
34. Kg2 Rb1 35. Rxf3 gxf3+ 36. Kxf3 Rd1 37. Kf4 Rc8 38. Ke5 Kf7 39. Kd6 Rd2 40.
Kd7 Ra8 41. Nxc5 Rxa2 42. Rf4+ Kg8 43. d6 Rd2 44. Ne6 a5 45. c5 a4 46. c6 a3
47. Rf1 a2 48. c7 Rc2 49. Nd4 Rc4 50. Nc6 Kg7 51. c8=Q Rxc8 52. Kxc8 Rxc6+ 53.
Kd7 Rc2 54. Ke7 Re2+ 55. Kd8 Rxh2 56. d7 g5 57. Re1 Rg2 58. Re7+ Kg6 59. Re6+
Kf5 60. Ra6 Kg4 61. Ke8 Re2+ 62. Kf7 Rd2 63. Ra4+ Kxg3 64. Ra3+ Kh4 65. Ra4+ g4
66. Ra7 g3 67. Ra5 Kg4 68. Ra6 a1=Q 69. Rg6+ Kf5 70. Rxg3 Qh8 0-1

[Event "Montreal op U2100"]
[Site "Montreal CAN"]
[Date "2019.09.08"]
[Round "5.20"]
[White "Adam, Rafael"]
[Black "Ning, Alwin"]
[Result "1/2-1/2"]
[WhiteElo "1654"]
[BlackElo "1838"]
[PlyCount "119"]
[EventDate "2019.09.06"]
[EventType "swiss"]
[EventRounds "5"]
[EventCountry "CAN"]

1. d4 d5 2. c4 c6 3. Nf3 Nf6 4. e3 e6 5. Nc3 Nbd7 6. Bd3 Bd6 7. O-O O-O 8. b3
Re8 9. Bb2 e5 10. dxe5 Nxe5 11. Nxe5 Bxe5 12. Be2 dxc4 13. Qxd8 Rxd8 14. Bxc4
Bf5 15. Rad1 Bc2 16. Rxd8+ Rxd8 17. a4 Ne4 18. Nxe4 Bxb2 19. Ng5 Bg6 20. Nf3 a6
21. b4 b5 22. axb5 axb5 23. Bb3 Rc8 24. Rd1 Bc3 25. Nd4 Bxb4 26. Rc1 c5 27.
Nxb5 Kf8 28. Bc4 Rd8 29. Nc7 Ba3 30. Ra1 Bb2 31. Ra8 Rxa8 32. Nxa8 Ke7 33. Nb6
f6 34. Kf1 Kd6 35. Ke2 Bc3 36. Na4 Bb4 37. Nb2 Be4 38. f3 Bd5 39. Bxd5 Kxd5 40.
Kd3 h5 41. h3 f5 42. Nc4 Ke6 43. Ke2 Bc3 44. Kd3 Bf6 45. Nb6 Be7 46. Nc4 Kf6
47. Ke2 Kg5 48. Kf2 Bf6 49. Nd6 Kg6 50. Ke2 Be7 51. Nc4 Bd8 52. Nd6 Bc7 53. Nc4
Kg5 54. Kf2 Kh4 55. Nd2 Kg5 56. Nc4 Kf6 57. Ke2 g5 58. g4 hxg4 59. hxg4 fxg4
60. fxg4 1/2-1/2

[Event "Montreal op U2100"]
[Site "Montreal CAN"]
[Date "2019.09.08"]
[Round "5.21"]
[White "Simard, Francois"]
[Black "Mai, Deren"]
[Result "1-0"]
[WhiteElo "1805"]
[BlackElo "1623"]
[PlyCount "105"]
[EventDate "2019.09.06"]
[EventType "swiss"]
[EventRounds "5"]
[EventCountry "CAN"]

1. d4 Nf6 2. c4 e6 3. Nc3 d5 4. Bg5 Be7 5. Nf3 h6 6. Bh4 O-O 7. e3 Nbd7 8. Rc1
b6 9. cxd5 Nxd5 10. Nxd5 exd5 11. Bxe7 Qxe7 12. Rxc7 Qd6 13. Rc2 Bb7 14. Bd3
Rfc8 15. O-O Rxc2 16. Qxc2 Rc8 17. Qe2 Nf6 18. Nd2 Ne4 19. Bxe4 dxe4 20. Nb1 b5
21. Qd2 b4 22. Rc1 Rxc1+ 23. Qxc1 a5 24. Nd2 a4 25. Qc2 Qc6 26. Qxc6 Bxc6 27.
a3 bxa3 28. bxa3 Kf8 29. Kf1 Bb5+ 30. Ke1 Bd3 31. Kd1 Ke7 32. Kc1 Kd6 33. Nb1
Kd5 34. Nc3+ Kc4 35. Nxa4 Bf1 36. g3 Kb3 37. Nc5+ Kxa3 38. Nxe4 f5 39. Nd6 g6
40. Nf7 Kb4 41. Kd2 Bg2 42. Nxh6 Bf3 43. Nf7 Bg2 44. Ne5 g5 45. Nf7 g4 46. Nd6
Be4 47. Nxe4 fxe4 48. Ke1 Kc4 49. Kf1 Kd5 50. Kg2 Ke6 51. h3 Kf5 52. h4 Kf6 53.
h5 1-0

[Event "Montreal op U2100"]
[Site "Montreal CAN"]
[Date "2019.09.08"]
[Round "5.22"]
[White "Jiang, Barron Jiyu"]
[Black "Dumoulin, Sylvain"]
[Result "1/2-1/2"]
[WhiteElo "1570"]
[BlackElo "1779"]
[PlyCount "86"]
[EventDate "2019.09.06"]
[EventType "swiss"]
[EventRounds "5"]
[EventCountry "CAN"]

1. e4 e6 2. d4 d5 3. e5 c5 4. c3 Nc6 5. Nf3 Bd7 6. a3 f6 7. Be2 Qc7 8. exf6
Nxf6 9. O-O cxd4 10. cxd4 Bd6 11. Nc3 a6 12. Re1 O-O 13. h3 Be8 14. Ng5 Bf7 15.
Bg4 Nxg4 16. Qxg4 e5 17. Ne6 Bxe6 18. Qxe6+ Qf7 19. Qxf7+ Rxf7 20. dxe5 Bc5 21.
Nd1 Re8 22. b4 Bd4 23. Bb2 Rfe7 24. Bxd4 Nxd4 25. Ra2 Rxe5 26. Rxe5 Rxe5 27.
Ne3 Nc6 28. Rd2 d4 29. Nc2 Rd5 30. f3 Kf7 31. f4 Ke6 32. g4 Rd8 33. Kf2 Kd5 34.
Kf3 Kc4 35. Ne1 Re8 36. Re2 Rxe2 37. Kxe2 Kb3 38. Kd3 Kxa3 39. Nc2+ Kb3 40.
Nxd4+ Nxd4 41. Kxd4 Kxb4 42. f5 Kb5 43. Kd5 a5 1/2-1/2

[Event "Montreal op U2100"]
[Site "Montreal CAN"]
[Date "2019.09.08"]
[Round "5.23"]
[White "Liu, Kevin"]
[Black "Gil, Bernardo"]
[Result "1-0"]
[WhiteElo "1803"]
[BlackElo "1632"]
[PlyCount "91"]
[EventDate "2019.09.06"]
[EventType "swiss"]
[EventRounds "5"]
[EventCountry "CAN"]

1. c4 Nf6 2. g3 g6 3. Bg2 Bg7 4. e4 d6 5. d4 Nbd7 6. Ne2 e5 7. d5 O-O 8. O-O
Nh5 9. Nbc3 f5 10. f3 fxe4 11. fxe4 Nb6 12. Qd3 Bd7 13. b4 Rxf1+ 14. Bxf1 Rb8
15. Be3 Qf8 16. Bg2 Bh6 17. Bf2 Nc8 18. c5 Nf6 19. h3 b6 20. c6 Be8 21. Qa6 Bf7
22. a4 Qd8 23. Nc1 Bd2 24. Qd3 Bxc3 25. Qxc3 a6 26. Bf1 Ra8 27. Qf3 Nh5 28. Be3
Qf6 29. Qg2 Ne7 30. Ra2 a5 31. Rf2 Qg7 32. bxa5 Rxa5 33. Qf3 Rxa4 34. Bh6 Qxh6
35. Qxf7+ Kh8 36. Qxe7 Ra8 37. Ne2 Rg8 38. Qxc7 Rf8 39. Qxd6 Rxf2 40. Kxf2 Nxg3
41. Qf6+ Kg8 42. Nxg3 Qd2+ 43. Ne2 Qc2 44. Qxe5 b5 45. c7 Qc5+ 46. Kg2 1-0

[Event "Montreal op U2100"]
[Site "Montreal CAN"]
[Date "2019.09.08"]
[Round "5.24"]
[White "Wang, Rachel"]
[Black "Leblanc-Legault, Mathieu"]
[Result "1/2-1/2"]
[WhiteElo "1646"]
[BlackElo "1839"]
[PlyCount "72"]
[EventDate "2019.09.06"]
[EventType "swiss"]
[EventRounds "5"]
[EventCountry "CAN"]

1. d4 e6 2. c4 Nf6 3. Nf3 b6 4. Bg5 d5 5. Nc3 Be7 6. e3 h6 7. Bh4 O-O 8. cxd5
Nxd5 9. Bxe7 Qxe7 10. Nxd5 exd5 11. Bd3 c5 12. dxc5 bxc5 13. O-O Nc6 14. a3 Ne5
15. Nxe5 Qxe5 16. Qc2 c4 17. Be2 Bf5 18. Qd2 Rab8 19. Qc3 f6 20. Bf3 Qxc3 21.
Bxd5+ Kh8 22. bxc3 Bd3 23. Rfd1 Rfd8 24. e4 f5 25. f3 fxe4 26. Bxe4 Bxe4 27.
fxe4 Rxd1+ 28. Rxd1 Rb3 29. Rc1 Rb2 30. Rd1 Rc2 31. Rd7 Rxc3 32. Rxa7 Re3 33.
Rc7 Rxe4 34. a4 c3 35. a5 Ra4 36. Rxc3 Rxa5 1/2-1/2

[Event "Montreal op U2100"]
[Site "Montreal CAN"]
[Date "2019.09.08"]
[Round "5.25"]
[White "Vignalou, Joseph"]
[Black "Alcantara, Maximo jr"]
[Result "1-0"]
[WhiteElo "1734"]
[BlackElo "1688"]
[PlyCount "103"]
[EventDate "2019.09.06"]
[EventType "swiss"]
[EventRounds "5"]
[EventCountry "CAN"]

1. e4 Nc6 2. d4 e5 3. d5 Nce7 4. c4 Ng6 5. Be3 Bb4+ 6. Nd2 Nf6 7. f3 d6 8. Qa4+
Bd7 9. Qxb4 O-O 10. Bd3 Nh5 11. Ne2 b6 12. g4 Nhf4 13. Bxf4 exf4 14. O-O-O Ne5
15. Bb1 a5 16. Qc3 b5 17. Nd4 c5 18. Nxb5 Bxb5 19. cxb5 c4 20. a4 Rc8 21. Ba2
Nd3+ 22. Kb1 Nf2 23. Rhf1 Nxd1 24. Rxd1 Qh4 25. Nxc4 Qxh2 26. Qd2 Qg3 27. Qe2
Rfd8 28. Bb3 g5 29. Rh1 f5 30. gxf5 g4 31. Nd2 Rd7 32. fxg4 Re8 33. Ka2 f3 34.
Nxf3 Qf4 35. Re1 Rde7 36. e5 Rg7 37. Qe4 Rxg4 38. Qxf4 Rxf4 39. exd6 Rd8 40.
Rg1+ Kh8 41. Ne5 Rxf5 42. Nc6 Rxd6 43. b6 Rf7 44. Nxa5 Rxb6 45. d6 Rg7 46. Nc4
Rb8 47. Rxg7 Kxg7 48. Ne5 Rd8 49. Nf7 Rd7 50. Be6 Rxf7 51. Bxf7 Kxf7 52. a5 1-0

[Event "Montreal op U2100"]
[Site "Montreal CAN"]
[Date "2019.09.08"]
[Round "5.26"]
[White "Roy, Stephane"]
[Black "Desmarais, Serge"]
[Result "0-1"]
[WhiteElo "1707"]
[BlackElo "1606"]
[PlyCount "86"]
[EventDate "2019.09.06"]
[EventType "swiss"]
[EventRounds "5"]
[EventCountry "CAN"]

1. Nf3 d5 2. e3 Nf6 3. c4 e6 4. b3 Be7 5. Bb2 O-O 6. Qc2 Ne4 7. Bd3 f5 8. Nc3
Bf6 9. h4 Nd7 10. cxd5 Ndc5 11. Bxe4 fxe4 12. Nxe4 Bxb2 13. Nxc5 Bxa1 14. Ng5
g6 15. dxe6 Bg7 16. Qc4 Qe7 17. g4 h6 18. f4 hxg5 19. hxg5 b6 20. Nd7 Bxd7 21.
exd7+ Qf7 22. Qxc7 Qd5 23. Rf1 Rad8 24. f5 Rxd7 25. Qc2 Be5 26. f6 Qd3 27. Qc4+
Qxc4 28. bxc4 Rd3 29. Rh1 Rfd8 30. Rh6 Bg3+ 31. Ke2 R3d7 32. Rxg6+ Kh8 33. Kf3
Bh4 34. Kf4 Rg8 35. Rh6+ Rh7 36. f7 Bxg5+ 37. Kf5 Bxh6 38. fxg8=Q+ Kxg8 39. g5
Bf8 40. e4 Rd7 41. e5 Rxd2 42. e6 Rxa2 43. g6 Be7 0-1